| 000 | 01152nam1a22002891i 4500 | ||
|---|---|---|---|
| 001 | v19\rc\1491204 | ||
| 005 | 20260406132823.0 | ||
| 035 | _a(NLR Aleph) 005213987 | ||
| 090 |
_a5437887 _c5437887 |
||
| 100 | _a20060620g18801889|||y0rusy50 ca | ||
| 101 | 1 |
_arus _ceng |
|
| 102 | _aRU | ||
| 105 | _a z |||a| | ||
| 200 | 1 |
_aДраматические произведения Вильяма Шекспира _eВып. 1-7 |
|
| 210 |
_aМосква _cред. "Газ. А. Гатцука" _d1880-1889 |
||
| 215 |
_a6 т. _d31 |
||
| 300 | _aВ вып. 2 и 3 общ. загл. отсутствует; в вып. 6, 7: Драмы Шекспира | ||
| 311 | _aПрил. к "Газ. А. Гатцука" | ||
| 422 | 0 |
_12001#$aГазета А. Гатцука _tГазета А. Гатцука |
|
| 700 | 1 |
_8rus _7ca _aШекспир _bУ. _f1564-1616 _gУильям _3RU\NLR\AUTH\771995 _9112012 |
|
| 801 | 0 |
_aRU _bNLR _c20060620 _gpsbo |
|
| 801 | 0 |
_aRU _bRuMoRGB _c20060620 _2psbo |
|
| 801 | 1 |
_aRU _bProSoft-M _c20060620 _2rusmarc |
|
| 801 | 2 |
_aRU _bNLR _c20070213 _2rusmarc |
|
| 852 |
_aNLR _j34.89.1.5(1, 2, 3, 5) |
||
| 852 |
_aNLR _j18.103.1.136(1-2, 4-5, 7) |
||
| 942 | _cBOOK | ||